| 000 | 00987cam a2200217 4500 | ||
|---|---|---|---|
| 001 | WB3731-55 | ||
| 008 | 010810n2001 000 0 eng u | ||
| 035 | _a(Sirsi) u114060 | ||
| 245 | _aFoot and mouth inquiries | ||
| 260 | _c2001 | ||
| 490 |
_a10 Downing Street Press Notice _v 9 August 2001 (6) |
||
| 520 | _aGovernment announces plans to conduct independent inquiries into the foot and mouth outbreak, finally dismissing industry calls for a public inquiry. The main inquiry will look at government handling of the crisis and has a wide brief to consider lessons to be learnt for the future. A second inquiry will be a scientific investigation of the disease. A Policy Commission will examine the future of British farming and food | ||
| 590 | _aWB | ||
| 650 | _aFOOT-AND-MOUTH DISEASE | ||
| 650 | _aINVESTIGATION | ||
| 650 | _aPUBLIC INQUIRY | ||
| 650 | _aGOVERNMENT POLICY | ||
| 650 | _aAGRICULTURAL POLICY | ||
| 690 | _aRURAL-AGRICULTURE AND FORESTRY | ||
| 942 | _n0 | ||
| 999 |
_c67987 _d67987 |
||